00712nam a22001457a 4500008004100000020001800041050002200059245010600081260006600187300004700253440008100300650006200381650007400443650004900517140903b xxu||||| |||| 00| 0 eng d a9789719210085 aJA 92b.H842 2013 aHouse of the people :bbastion of change /cPhilippines. Congress (1987- ). House of Representatives. aQuezon City, Philippines :bHouse of Representatives,cc2013. a374 pages :bcolor illustrations ;c31 cm. aHouse of the peoplen(2013) 15th Congress of the Republic of the Philippines aPhilippinesxCongress (1987- )xHouse of Representatives. aPhilippines.xHouse of RepresentativesxBiography.yCongress (1987- ) aPhilippinesxPolitics and government.y1986-